Catálogo

Memorias del tercer foro internacional de prevención del delito 2006 / (Registro nro. 41653)

Detalles MARC
000 -LEADER
fixed length control field 01504cam a2200349 i 4500
001 - CONTROL NUMBER
control field 41653
003 - CONTROL NUMBER IDENTIFIER
control field Mx-PuUPA
005 - DATE AND TIME OF LATEST TRANSACTION
control field 20250722134850.0
008 - FIXED-LENGTH DATA ELEMENTS--GENERAL INFORMATION
fixed length control field 140415s2007 mx r 000 0 spa d
020 ## - INTERNATIONAL STANDARD BOOK NUMBER
International Standard Book Number 970983519X
040 ## - CATALOGING SOURCE
Original cataloging agency Mx-PuUPA
Language of cataloging spa
Transcribing agency Mx-PuUPA
Modifying agency Mx-PuUPA
Description conventions rda
041 0# - LANGUAGE CODE
Language code of text/sound track or separate title spa
245 10 - TITLE STATEMENT
Title Memorias del tercer foro internacional de prevención del delito 2006 /
Statement of responsibility, etc. Juan Pablo Salazar Andreu, compilador ; editor, Miguel Ángel Soriano Montero ; Enrique Díaz-Aranda [y otros tres]
250 ## - EDITION STATEMENT
Edition statement Primera edición
264 #1 - PRODUCTION, PUBLICATION, DISTRIBUTION, MANUFACTURE, AND COPYRIGHT NOTICE
Place of production, publication, distribution, manufacture [Puebla, Puebla, México] :
Name of producer, publisher, distributor, manufacturer Montiel & Soriano, Editores,
Date of production, publication, distribution, manufacture, or copyright notice 2007
300 ## - PHYSICAL DESCRIPTION
Extent 96 páginas ;
Dimensions 23 cm.
336 ## - CONTENT TYPE
Fuente rdacontent
Content type term texto
Content type code txt
337 ## - MEDIA TYPE
Source rdamedia
Media type term sin medio
Media type code n
338 ## - CARRIER TYPE
Source rdacarrier
Carrier type term volumen
Carrier type code nc
650 #4 - SUBJECT ADDED ENTRY--TOPICAL TERM
Topical term or geographic name entry element Delitos
Form subdivision Congresos
650 #4 - SUBJECT ADDED ENTRY--TOPICAL TERM
Topical term or geographic name entry element Prevención del delito
Form subdivision Congresos
700 1# - ADDED ENTRY--PERSONAL NAME
Personal name Salazar Andreu, Juan Pablo,
Relator term compilador
9 (RLIN) 6531
700 1# - ADDED ENTRY--PERSONAL NAME
Personal name Soriano Montero, Miguel Ángel,
Relator term editor
700 1# - ADDED ENTRY--PERSONAL NAME
Personal name Díaz Aranda, Enrique,
Relator term autor
9 (RLIN) 6916
710 2# - ADDED ENTRY--CORPORATE NAME
Corporate name or jurisdiction name as entry element Universidad Popular Autónoma del Estado de Puebla,
9 (RLIN) 6081
710 2# - ADDED ENTRY--CORPORATE NAME
Corporate name or jurisdiction name as entry element Asociación de Ciudadanos Poblanos Unidos por la Justicia y la Atención a Víctimas del Delito
942 ## - ADDED ENTRY ELEMENTS (KOHA)
Source of classification or shelving scheme Dewey Decimal Classification
Koha item type Libro
Classification part 364.4
Item part M533
Existencias
Withdrawn status Lost status Source of classification or shelving scheme Damaged status Not for loan Collection code Home library Current library Shelving location Date acquired Source of acquisition Total Checkouts Full call number Barcode Date last seen Price effective from Koha item type Copy number
    Dewey Decimal Classification   Consulta en sala UPAEP Biblioteca Karol Wojtyla Biblioteca Karol Wojtyla Sala "Colecciones Especiales" 11/06/2018 Donación   364.4 M533 2007 62800 05/01/2026 03/12/2013 Libro  
    Dewey Decimal Classification     General Biblioteca Karol Wojtyla Biblioteca Karol Wojtyla Sala general 03/12/2013 Compra   364.4 M533 2007 63119 05/01/2026 03/12/2013 Libro Ej.2